[Event "Gibraltar Masters"]
[Site "Caleta ENG"]
[Date "2011.01.31"]
[Round "7.1"]
[White "Mikhalevski, Victor"]
[Black "Ivanchuk, Vassily"]
[Result "1/2-1/2"]
[WhiteTitle "GM"]
[BlackTitle "GM"]
[WhiteElo "2579"]
[BlackElo "2764"]
[WhiteFideId "2801914"]
[BlackFideId "14100010"]
[EventDate "2011.01.25"]
[EventType "swiss"]

1. d4 g6 2. c4 Bg7 3. e4 d6 4. Nc3 Nf6 5. Be2 O-O 6. Nf3 e5 7. O-O c6 8. Re1
Nbd7 9. Bf1 a5 10. Rb1 Re8 11. d5 Nc5 12. b3 Bd7 13. a3 cxd5 14. cxd5 a4 15.
bxa4 Nxa4 16. Nxa4 Bxa4 17. Qd2 Re7 18. Rb4 Rc7 19. Qb2 Qc8 20. Be3 Ng4 21. Bb6
Rc2 22. Qb1 Bh6 23. h3 Nf6 24. Be3 Bxe3 25. Rxe3 Ra7 26. Ne1 Rc3 27. Qb2 Rxe3
28. fxe3 Qc5 29. Kf2 Bd1 30. Bb5 g5 31. a4 g4 32. Nd3 gxh3 33. gxh3 Qc8 34. Kg3
Qd8 35. Kh2 Bf3 36. Qf2 Bh5 37. Rc4 Ra8 38. Qh4 Ng4+ 39. Kg3 Qxh4+ 40. Kxh4 Nxe3
41. Rc7 Bd1 42. Rc3 f5 43. Nf2 f4 44. Rc7 Bxa4 45. Bxa4 Rxa4 46. Kg5 b5 47. Kf6
h5 48. Rb7 b4 49. Rb8+ Kh7 50. Rb7+ Kh6 51. Rb8 Kh7 52. Rb7+ 1/2-1/2

[Event "Gibraltar Masters"]
[Site "Caleta ENG"]
[Date "2011.01.31"]
[Round "7.3"]
[White "Adams, Michael"]
[Black "Kulaots, Kaido"]
[Result "1/2-1/2"]
[WhiteTitle "GM"]
[BlackTitle "GM"]
[WhiteElo "2723"]
[BlackElo "2577"]
[WhiteFideId "400041"]
[BlackFideId "4500261"]
[EventDate "2011.01.25"]
[EventType "swiss"]

1. e4 c5 2. Nf3 d6 3. d4 cxd4 4. Nxd4 Nf6 5. Nc3 a6 6. Be2 e5 7. Nb3 Be7 8. O-O
O-O 9. Re1 Be6 10. Bf3 a5 11. a4 Na6 12. Nd2 Nb4 13. Nf1 Qc7 14. Bg5 h6 15. Bxf6
Bxf6 16. Ne3 Rfd8 17. Nb5 Qc6 18. c3 Na6 19. g3 Nc5 20. Nd5 Bxd5 21. exd5 Qb6
22. h4 Re8 23. Qc2 Qd8 24. Kh2 Qd7 25. Bg2 Bd8 26. f4 Bf6 27. f5 e4 28. Bxe4
Nxe4 29. Rxe4 Rxe4 30. Qxe4 Re8 31. Qf3 Re5 32. Rf1 Qe7 33. Kg2 Re3 34. Qf4 Re4
35. Qf3 Re3 36. Qf4 Re4 37. Qf3 Re3 38. Qf4 1/2-1/2

[Event "Gibraltar Masters"]
[Site "Caleta ENG"]
[Date "2011.01.31"]
[Round "7.5"]
[White "Sengupta, Deep"]
[Black "Nisipeanu, Liviu-Dieter"]
[Result "1/2-1/2"]
[WhiteTitle "GM"]
[BlackTitle "GM"]
[WhiteElo "2530"]
[BlackElo "2678"]
[WhiteFideId "5008352"]
[BlackFideId "1202758"]
[EventDate "2011.01.25"]
[EventType "swiss"]

1. e4 c6 2. d4 d5 3. Nd2 dxe4 4. Nxe4 Bf5 5. Ng3 Bg6 6. h4 h6 7. Nf3 Nd7 8. h5
Bh7 9. Bd3 Bxd3 10. Qxd3 e6 11. Bd2 Ngf6 12. O-O-O Be7 13. Kb1 Qb6 14. Rhe1 O-O
15. Nf5 Bb4 16. Ne3 Bxd2 17. Rxd2 Rad8 18. g4 e5 19. Qf5 exd4 20. Rxd4 Nc5 21.
Nc4 Qb5 22. Nd6 Qb6 23. Re7 Na4 24. b3 Rxd6 25. Rxd6 Qb4 26. Qe5 Nc3+ 27. Kb2
Na4+ 28. Kb1 Nc3+ 29. Kb2 Na4+ 30. Kb1 1/2-1/2

[Event "Gibraltar Masters"]
[Site "Caleta ENG"]
[Date "2011.01.31"]
[Round "7.6"]
[White "Roiz, Michael"]
[Black "Kosintseva, Nadezhda"]
[Result "1-0"]
[WhiteTitle "GM"]
[BlackTitle "IM"]
[WhiteElo "2649"]
[BlackElo "2552"]
[WhiteFideId "2804158"]
[BlackFideId "4134974"]
[EventDate "2011.01.25"]
[EventType "swiss"]

1. Nf3 d5 2. d4 Nf6 3. c4 e6 4. Nc3 Bb4 5. cxd5 exd5 6. Bg5 Nbd7 7. Nd2 Bxc3 8.
bxc3 c5 9. Qc2 Qa5 10. e3 O-O 11. Rb1 cxd4 12. cxd4 b6 13. Rb5 Qa3 14. Rb3 Qd6
15. Bd3 Bb7 16. O-O Rac8 17. Qb1 Rfe8 18. Bf4 Qe7 19. Rc1 Ne4 20. Nf1 Rxc1 21.
Qxc1 Rc8 22. Qb2 Nf8 23. f3 Nf6 24. Ra3 a5 25. Rb3 N6d7 26. Bg3 h5 27. Be1 Ra8
28. Rc3 Ne6 29. Bb5 Ndf8 30. Bf2 Rc8 31. Rxc8 Bxc8 32. Ng3 g6 33. Ne2 Qa7 34.
Nc3 Nc7 35. Bg3 Nfe6 36. Be5 Ba6 37. Bc6 Bc4 38. Qa3 b5 39. Qe7 b4 40. Nxd5 Bxd5
41. Bxd5 Qb6 42. Qf6 Kf8 43. Bxc7 1-0

[Event "Gibraltar Masters"]
[Site "Caleta ENG"]
[Date "2011.01.31"]
[Round "7.8"]
[White "Gopal G.N."]
[Black "Dzagnidze, Nana"]
[Result "1-0"]
[WhiteTitle "GM"]
[BlackTitle "GM"]
[WhiteElo "2597"]
[BlackElo "2550"]
[WhiteFideId "5015693"]
[BlackFideId "13601903"]
[EventDate "2011.01.25"]
[EventType "swiss"]

1. e4 c5 2. Nf3 e6 3. d4 cxd4 4. Nxd4 a6 5. Nc3 Nc6 6. Nxc6 bxc6 7. Bd3 d5 8.
O-O Nf6 9. Re1 Rb8 10. Qf3 d4 11. Ne2 c5 12. c3 Bb7 13. cxd4 cxd4 14. Nf4 Qa5
15. Re2 Bd6 16. Qh3 e5 17. Nd5 Nxd5 18. exd5 Qxd5 19. f4 Kf8 20. fxe5 Bxe5 21.
b3 Bd6 22. Bc4 Qa5 23. Qd7 Qc7 24. Qxc7 Bxc7 25. Ba3+ Kg8 26. Re7 1-0

[Event "Gibraltar Masters"]
[Site "Caleta ENG"]
[Date "2011.01.31"]
[Round "7.9"]
[White "Melia, Salome"]
[Black "Kacheishvili, Giorgi"]
[Result "1-0"]
[WhiteTitle "IM"]
[BlackTitle "GM"]
[WhiteElo "2449"]
[BlackElo "2585"]
[WhiteFideId "13602446"]
[BlackFideId "13600613"]
[EventDate "2011.01.25"]
[EventType "swiss"]

1. e4 c6 2. d4 d5 3. exd5 cxd5 4. c4 Nf6 5. Nc3 e6 6. Nf3 Bb4 7. cxd5 Nxd5 8.
Bd2 Nc6 9. Bd3 O-O 10. O-O Be7 11. Re1 Bf6 12. Nxd5 exd5 13. Ne5 Qb6 14. Bc3 g6
15. a4 a5 16. Qf3 Ne7 17. Bb5 Kg7 18. b4 axb4 19. Bxb4 Qxd4 20. Qa3 Bxe5 21.
Rad1 Qb2 22. Rxe5 Qxe5 23. Bc3 d4 24. Bxd4 Qxd4 25. Rxd4 Nf5 26. Rd1 Kg8 27. Qf3
h5 28. h3 Rb8 29. Bc4 Ng7 30. Bxf7+ 1-0

[Event "Gibraltar Masters"]
[Site "Caleta ENG"]
[Date "2011.01.31"]
[Round "7.10"]
[White "Szuper, Paul"]
[Black "Ikonnikov, Vyacheslav"]
[Result "1/2-1/2"]
[BlackTitle "GM"]
[WhiteElo "2174"]
[BlackElo "2580"]
[WhiteFideId "2026791"]
[BlackFideId "4100972"]
[EventDate "2011.01.25"]
[EventType "swiss"]

1. d4 Nf6 2. c4 e6 3. g3 Bb4+ 4. Bd2 Qe7 5. Bg2 Nc6 6. a3 Bxd2+ 7. Qxd2 e5 8. d5
Nd4 9. Qd1 h5 10. h3 d6 11. e3 Nf5 12. Nc3 Bd7 13. Qb3 O-O 14. Nge2 a5 15. O-O
a4 16. Qc2 Nh6 17. e4 h4 18. f4 hxg3 19. Nxg3 exf4 20. Rxf4 Qe5 21. Qd2 Nh5 22.
Nxh5 Qxh5 23. Qf2 f5 24. Qh4 Qxh4 25. Rxh4 Nf7 26. exf5 Ne5 27. Nb5 Bxb5 28.
cxb5 Rxf5 29. Rc1 Rf7 30. Be4 g6 31. Rc2 Ra5 32. Bg2 Kg7 33. Re4 Nd3 34. Bf1 Nc5
35. Re8 b6 36. Rg2 Nd7 37. h4 Ne5 38. Be2 Rf8 39. Re7+ Rf7 40. Re8 Rf8 41. Re7+
Rf7 42. Re8 Nf3+ 43. Bxf3 Rxf3 44. Re6 Rxb5 45. Rexg6+ Kf7 46. Rg7+ Kf6 47. Rxc7
Rxd5 48. Rc4 b5 49. Rb4 Rc5 50. Rf2 Rff5 51. Kg2 Rxf2+ 52. Kxf2 Ke6 53. Kf3 Kf5
54. Ke3 Ke6 55. Kf4 d5 56. Ke3 Ke5 57. h5 Rc6 58. Rh4 Rh6 59. Ke2 Kd6 60. Kd3
Kc6 61. Kd4 Kd6 62. Rh1 Kc6 63. Kc3 Kc5 64. Rh4 Kc6 65. Kd3 Kd6 66. Rh2 Kc5 67.
Rh1 Kc6 68. Ke3 Kc5 69. Rh4 Re6+ 70. Kf3 Rh6 71. Kf4 d4 72. Ke4 Kc4 73. Ke5 Kb3
74. Kxd4 Kxb2 75. Kc5 Kxa3 76. Kxb5 Kb3 77. Rh3+ Kc2 78. Kxa4 Kd2 79. Kb4 Ke2
80. Kc4 Kf2 1/2-1/2

[Event "Gibraltar Masters"]
[Site "Caleta ENG"]
[Date "2011.01.31"]
[Round "7.11"]
[White "Gallagher, Joseph G."]
[Black "Bologan, Viktor"]
[Result "0-1"]
[WhiteTitle "GM"]
[BlackTitle "GM"]
[WhiteElo "2501"]
[BlackElo "2693"]
[WhiteFideId "1303422"]
[BlackFideId "13900048"]
[EventDate "2011.01.25"]
[EventType "swiss"]

1. e4 c5 2. Nf3 d6 3. d4 cxd4 4. Nxd4 Nf6 5. Nc3 a6 6. Be2 e5 7. Nb3 Be7 8. O-O
O-O 9. Be3 Be6 10. Qd2 Nbd7 11. a4 Qc7 12. a5 Rac8 13. Rfd1 Rfd8 14. Qe1 h6 15.
h3 Qc6 16. Bf3 Nh7 17. Qd2 Ndf6 18. Rac1 Qd7 19. Qe2 Bc4 20. Qe1 Ng5 21. Bxg5
hxg5 22. Nd2 Be6 23. Nf1 Rc5 24. b4 Rc4 25. Ne3 Rxb4 26. Ncd5 Rb5 27. c4 Rc5 28.
Qb4 Bxd5 29. Nxd5 Nxd5 30. cxd5 Rdc8 31. Bg4 Rxc1 32. Bxd7 Rxd1+ 33. Kh2 Rc7 34.
Bc6 g6 35. Bxb7 Rc2 36. Qb6 Rdd2 37. Kg3 Rb2 38. Qa7 Rb3+ 39. Kh2 g4 40. Bxa6
Bh4 41. hxg4 Bxf2 42. Qa8+ Kg7 43. Bf1 Bg3+ 44. Kg1 Rb1 45. Qa6 Rdd1 46. g5 Bf4 0-1

[Event "Gibraltar Masters"]
[Site "Caleta ENG"]
[Date "2011.01.31"]
[Round "7.12"]
[White "El Debs, Felipe de Cresce"]
[Black "Sasikiran, Krishnan"]
[Result "0-1"]
[WhiteTitle "GM"]
[BlackTitle "GM"]
[WhiteElo "2499"]
[BlackElo "2690"]
[WhiteFideId "2106981"]
[BlackFideId "5004985"]
[EventDate "2011.01.25"]
[EventType "swiss"]

1. Nf3 Nf6 2. c4 g6 3. Nc3 Bg7 4. e4 d6 5. d4 O-O 6. Be2 e5 7. Be3 exd4 8. Nxd4
Re8 9. f3 c6 10. Bf2 d5 11. exd5 cxd5 12. O-O Nc6 13. c5 Re5 14. Re1 Bd7 15. a3
Nh5 16. g3 Qg5 17. Nxc6 Bxc6 18. Qc1 d4 19. Nb5 Qxc1 0-1

[Event "Gibraltar Masters"]
[Site "Caleta ENG"]
[Date "2011.01.31"]
[Round "7.15"]
[White "Zatonskih, Anna"]
[Black "Harikrishna, P."]
[Result "0-1"]
[WhiteTitle "IM"]
[BlackTitle "GM"]
[WhiteElo "2493"]
[BlackElo "2667"]
[WhiteFideId "14101572"]
[BlackFideId "5007003"]
[EventDate "2011.01.25"]
[EventType "swiss"]

1. d4 Nf6 2. Nf3 g6 3. c4 Bg7 4. g3 c5 5. Bg2 Qa5+ 6. Qd2 Qxd2+ 7. Nbxd2 cxd4 8.
Nxd4 Nc6 9. N2b3 Ng4 10. Nb5 O-O 11. Na3 Nge5 12. O-O b6 13. f4 Ng4 14. h3 Nf6
15. e4 Rd8 16. e5 Ne8 17. Be3 Ba6 18. Nd4 Nxd4 19. Bxd4 Rac8 20. b3 d5 21. Bf2
dxc4 22. Nxc4 Bxc4 23. bxc4 Rxc4 24. Rfd1 Rcc8 25. a4 f6 26. Rxd8 Rxd8 27. a5
fxe5 28. axb6 axb6 29. Bxb6 Rd3 30. Ra7 Kf7 31. Bc5 Nd6 32. Bxd6 Rxd6 33. Ra4
Rd2 34. fxe5 Bxe5 35. Ra2 Bd4+ 36. Kf1 Rd3 37. g4 Kf6 38. Ra5 e5 39. Rb5 Rd2 40.
Be4 Kg5 41. Rb7 Kf4 42. Bc6 Rc2 43. Rf7+ Ke3 44. Bb7 e4 45. Re7 Rf2+ 46. Kg1 Rf4
47. Kg2 h6 48. Kg3 g5 49. h4 Bc3 50. hxg5 hxg5 51. Bd5 Kd3 52. Bc6 Ke3 53. Re8
Be1+ 54. Kh3 Kf3 55. Ra8 Rxg4 56. Ra3+ Kf4 57. Ra4 Rg3+ 58. Kh2 Re3 59. Kg2 Bh4
60. Rb4 g4 61. Bd5 Bf6 62. Ra4 Be5 63. Bc6 g3 64. Ra2 Rc3 65. Bd5 Bd4 66. Re2 e3
67. Bb7 Rd3 68. Bc6 Bc3 69. Bb7 Rd1 70. Ba6 Be1 71. Bb7 Bf2 72. Bc6 Rd6 73. Bb7
Rd2 74. Bf3 Kg5 75. Kf1 Kf5 76. Rxd2 exd2 77. Ke2 Be1 78. Bg2 Ke5 79. Bf3 Kd4
80. Bg2 Kc3 81. Be4 g2 0-1

[Event "Gibraltar Masters"]
[Site "Caleta ENG"]
[Date "2011.01.31"]
[Round "7.16"]
[White "Krush, Irina"]
[Black "Sandipan, Chanda"]
[Result "1/2-1/2"]
[WhiteTitle "IM"]
[BlackTitle "GM"]
[WhiteElo "2483"]
[BlackElo "2641"]
[WhiteFideId "2012782"]
[BlackFideId "5004225"]
[EventDate "2011.01.25"]
[EventType "swiss"]

1. d4 d5 2. c4 c6 3. Nf3 e6 4. e3 Nf6 5. b3 Nbd7 6. Bd3 b6 7. O-O Bb7 8. Bb2 Bd6
9. Nbd2 O-O 10. Qe2 Qe7 11. Rad1 e5 12. dxe5 Nxe5 13. cxd5 Nxd3 14. Qxd3 cxd5
15. Nd4 Qe5 16. N2f3 Qe4 17. Qe2 Rac8 18. Rc1 Rxc1 19. Rxc1 Rc8 20. Rxc8+ Bxc8
21. Qd1 Ba6 22. Nc6 Qe8 23. Bxf6 Qxc6 24. Be5 Bxe5 25. Nxe5 Qc3 26. Nf3 Bd3 27.
Nd4 b5 28. a3 a5 29. h4 h6 30. Qf3 Be4 31. Qf4 a4 32. Qb8+ Kh7 33. Qxb5 Bd3 34.
Qxd5 Qe1+ 35. Kh2 Qxf2 36. Nf3 Bc2 37. bxa4 Qxe3 38. Qxf7 Qxa3 39. Qf4 Qxa4 40.
Qxa4 Bxa4 1/2-1/2

[Event "Gibraltar Masters"]
[Site "Caleta ENG"]
[Date "2011.01.31"]
[Round "7.17"]
[White "Soffer, Ram"]
[Black "Iordachescu, Viorel"]
[Result "0-1"]
[WhiteTitle "GM"]
[BlackTitle "GM"]
[WhiteElo "2489"]
[BlackElo "2634"]
[WhiteFideId "2800101"]
[BlackFideId "13900200"]
[EventDate "2011.01.25"]
[EventType "swiss"]

1. c4 Nf6 2. Nc3 e6 3. e4 e5 4. g3 Bc5 5. Bg2 d6 6. h3 a6 7. Nge2 Nc6 8. d3 Nd7
9. O-O O-O 10. Kh2 b5 11. Nd5 bxc4 12. dxc4 a5 13. Bd2 Nd4 14. Be3 Ne6 15. Qd2
c6 16. Ndc3 a4 17. Bxc5 dxc5 18. Qd6 Nb6 19. Qxc6 Bd7 20. Qd6 Nxc4 21. Qd5 Nxb2
22. Qxe5 a3 23. Qd6 Bc8 24. Qd5 Ba6 25. Rg1 Qa5 26. Qh5 Bxe2 27. Nxe2 Rad8 28.
e5 Rd2 29. Raf1 Nd3 30. Be4 g6 31. Qh6 Rxe2 32. Bxd3 Rxa2 33. Qc1 Nd4 34. Qc4
Rd2 35. Be4 Qb4 36. Qa6 Ne2 37. Bc6 Nxg1 38. Kxg1 a2 39. e6 fxe6 40. Bg2 Qd4 41.
Qxe6+ Kh8 0-1

[Event "Gibraltar Masters"]
[Site "Caleta ENG"]
[Date "2011.01.31"]
[Round "7.19"]
[White "Erdos, Viktor"]
[Black "Gaponenko, Inna"]
[Result "1-0"]
[WhiteTitle "GM"]
[BlackTitle "IM"]
[WhiteElo "2593"]
[BlackElo "2466"]
[WhiteFideId "719978"]
[BlackFideId "14101181"]
[EventDate "2011.01.25"]
[EventType "swiss"]

1. d4 Nf6 2. c4 e6 3. Nc3 Bb4 4. Qc2 O-O 5. Nf3 c5 6. dxc5 Na6 7. g3 Nxc5 8. Bg2
Nce4 9. Bd2 Nxd2 10. Nxd2 d5 11. O-O Qc7 12. Rac1 dxc4 13. Nce4 Nxe4 14. Nxe4
Rd8 15. Qxc4 Qxc4 16. Rxc4 Bf8 17. Rc7 Rb8 18. Rfc1 h6 19. Bf3 e5 20. g4 Be6 21.
a3 Rbc8 22. Kg2 Rxc7 23. Rxc7 Rd7 24. Rc8 f6 25. Nc5 1-0

[Event "Gibraltar Masters"]
[Site "Caleta ENG"]
[Date "2011.01.31"]
[Round "7.21"]
[White "Buhmann, Rainer"]
[Black "Wohl, Aleksandar H."]
[Result "1/2-1/2"]
[WhiteTitle "GM"]
[BlackTitle "IM"]
[WhiteElo "2572"]
[BlackElo "2409"]
[WhiteFideId "4651340"]
[BlackFideId "3200345"]
[EventDate "2011.01.25"]
[EventType "swiss"]

1. Nf3 g6 2. c4 Bg7 3. d4 d6 4. Nc3 Bg4 5. g3 Nc6 6. d5 Bxf3 7. exf3 Nd4 8. h4
h5 9. Be3 Nf5 10. Qb3 c5 11. Bh3 Nxe3 12. fxe3 Nh6 13. Qb5+ Kf8 14. Rc1 Nf5 15.
Bxf5 gxf5 16. Rc2 Rg8 17. Ne2 Rb8 18. Kf2 a6 19. Qb3 Be5 20. Qd3 Qd7 21. b3 b5
22. Re1 Rg6 23. f4 Bf6 24. Ng1 Rg8 25. Nf3 a5 26. cxb5 Rxb5 27. Rc4 Rb4 28. a3
Rb6 29. Ra4 Rb5 30. Nd2 Kg7 31. Nc4 Ra8 32. Rb1 Kg6 33. Kg1 Qb7 34. Kh2 Ra6 35.
e4 fxe4 36. Qxe4+ Kg7 37. Qf3 e6 38. Ne3 Bd4 39. Qxh5 Bxe3 40. Qg5+ Kf8 1/2-1/2

[Event "Gibraltar Masters"]
[Site "Caleta ENG"]
[Date "2011.01.31"]
[Round "7.22"]
[White "Andersen, Mads"]
[Black "Le Roux, Jean-Pierre"]
[Result "1/2-1/2"]
[WhiteTitle "FM"]
[BlackTitle "GM"]
[WhiteElo "2410"]
[BlackElo "2551"]
[WhiteFideId "1413864"]
[BlackFideId "609404"]
[EventDate "2011.01.25"]
[EventType "swiss"]

1. e4 c6 2. d4 d5 3. Nc3 dxe4 4. Nxe4 Bf5 5. Ng3 Bg6 6. h4 h6 7. Nf3 Nd7 8. h5
Bh7 9. Bd3 Bxd3 10. Qxd3 e6 11. Bd2 Ngf6 12. O-O-O Be7 13. Qe2 c5 14. Rhe1 O-O
15. Nf5 Re8 16. Nxe7+ Qxe7 17. g4 cxd4 18. Nxd4 Qc5 19. Nb3 Qc7 20. g5 Rac8 21.
c3 hxg5 22. Bxg5 Qc4 23. Qf3 Qc6 24. Qh3 Nh7 25. Qg3 Kh8 26. Rg1 Rg8 27. Qf4 f6
28. Bh4 Nc5 29. Nxc5 Qxc5 30. Qg4 Qc4 31. Rd7 Qxg4 32. Rxg4 Rc5 33. Bg3 Rxh5 34.
Bd6 e5 35. Rxb7 Ng5 36. Rxa7 Rd8 37. Be7 Rc8 38. Raa4 Rh1+ 39. Kc2 Nf3 40. Rgc4
Re8 41. Rc7 Re1 42. Raa7 Re2+ 1/2-1/2

[Event "Gibraltar Masters"]
[Site "Caleta ENG"]
[Date "2011.01.31"]
[Round "7.23"]
[White "Korchnoi, Viktor"]
[Black "Battaglini, Gabriel"]
[Result "1/2-1/2"]
[WhiteTitle "GM"]
[BlackTitle "IM"]
[WhiteElo "2544"]
[BlackElo "2437"]
[WhiteFideId "1300016"]
[BlackFideId "621650"]
[EventDate "2011.01.25"]
[EventType "swiss"]

1. c4 Nf6 2. Nf3 e6 3. d4 d5 4. Bg5 Bb4+ 5. Nc3 Nbd7 6. e3 c5 7. Bd3 cxd4 8.
exd4 dxc4 9. Bxc4 Bxc3+ 10. bxc3 Qc7 11. Qd3 O-O 12. O-O b6 13. Rfe1 Bb7 14. Bb3
Rac8 15. Rac1 h6 16. Bh4 Nh5 17. Bc2 g6 18. Bb3 Nf4 19. Qe3 g5 20. Bg3 Nf6 21.
h4 Bxf3 22. Qxf3 Qc6 23. d5 N6xd5 24. hxg5 hxg5 25. Qg4 f6 26. Bh2 Rfe8 27. Rcd1
b5 28. Re4 Ng6 29. Rde1 Nf8 30. c4 bxc4 31. Rxc4 Qd7 32. Rd4 Qg7 33. Bd6 f5 34.
Qd1 Nc3 35. Bxf8 Kxf8 36. Qd3 Ne4 37. Rd1 Nc5 38. Qh3 Nxb3 39. Qxb3 Rc7 40. Qa3+
Qe7 41. Qh3 Qg7 42. Rd6 g4 43. Qe3 Qf6 44. a4 Rh7 45. Qc5 Ree7 46. Qc8+ Kf7 47.
Rd7 Kg6 48. R7d6 Rh8 49. Rd8 Rxd8 50. Qxd8 Rf7 51. Qg8+ Rg7 52. Qe8+ Qf7 53. Qc6
Qf6 54. a5 f4 55. Qe8+ Qf7 56. Qc6 Qf6 57. Qd6 Re7 58. Qd3+ Qf5 59. Qd8 Qf6 60.
a6 Rf7 61. Qg8+ Rg7 62. Qe8+ Kf5 63. Qb5+ Qe5 64. Qd3+ Kg5 65. Qd8+ Qf6 66. Qd6
e5 67. Qc5 g3 68. fxg3 fxg3 69. Rf1 Qb6 70. Qxb6 axb6 71. Rb1 Rc7 72. Kf1 Rf7+
73. Ke1 Rf2 74. Ra1 Rxg2 75. Ra3 Rg1+ 76. Ke2 g2 77. Kf2 Rf1+ 78. Kxg2 Rf8 79.
Rg3+ Kh6 80. Rb3 Rf4 81. Ra3 Rf8 82. a7 Ra8 83. Kf3 b5 84. Ke4 b4 85. Ra6+ Kg5
86. Kd3 Kf4 87. Rf6+ Kg5 88. Rf7 Kg6 89. Rb7 Kf5 90. Kc4 e4 91. Kxb4 e3 92. Kc3
e2 93. Kd2 e1=Q+ 94. Kxe1 Ke6 1/2-1/2

[Event "Gibraltar Masters"]
[Site "Caleta ENG"]
[Date "2011.01.31"]
[Round "7.25"]
[White "Rapport, Richard"]
[Black "Nuri, Kambez"]
[Result "1-0"]
[WhiteTitle "GM"]
[WhiteElo "2531"]
[BlackElo "2300"]
[WhiteFideId "738590"]
[BlackFideId "1311433"]
[EventDate "2011.01.25"]
[EventType "swiss"]

1. Nf3 Nf6 2. c4 g6 3. Nc3 Bg7 4. g3 O-O 5. Bg2 d6 6. O-O e5 7. d4 Nbd7 8. e3
Re8 9. a4 Rb8 10. a5 exd4 11. exd4 Nf8 12. d5 Ne4 13. Nxe4 Rxe4 14. Bg5 Bf6 15.
Qd2 Bg4 16. Be3 a6 17. Nd4 Re8 18. h3 Bd7 19. b4 Qc8 20. Kh2 c5 21. bxc5 Qxc5
22. Rfc1 Qc7 23. Rab1 Bc8 24. c5 dxc5 25. Rb6 Nd7 26. Rxf6 Nxf6 27. Bf4 Qe7 28.
Bxb8 cxd4 29. Qxd4 Nd7 30. Bf4 Qa3 31. Bh6 f6 32. d6 1-0

[Event "Gibraltar Masters"]
[Site "Caleta ENG"]
[Date "2011.01.31"]
[Round "7.27"]
[White "Forsaa, Espen"]
[Black "Harika, Dronavalli"]
[Result "1/2-1/2"]
[WhiteTitle "FM"]
[BlackTitle "IM"]
[WhiteElo "2306"]
[BlackElo "2520"]
[WhiteFideId "1504436"]
[BlackFideId "5015197"]
[EventDate "2011.01.25"]
[EventType "swiss"]

1. e4 e5 2. Nf3 Nc6 3. Bb5 a6 4. Ba4 Nf6 5. O-O Be7 6. Re1 b5 7. Bb3 d6 8. c3
O-O 9. d4 Bg4 10. d5 Na5 11. Bc2 c6 12. h3 Bc8 13. dxc6 Qc7 14. Nbd2 Qxc6 15.
Nf1 Nc4 16. a4 Be6 17. Ng3 Rfe8 18. Qe2 Qc7 19. Bd3 Rab8 20. Ng5 Bd7 21. axb5
axb5 22. Nf1 h6 23. Nf3 Bf8 24. Ne3 d5 25. Nxd5 Nxd5 26. exd5 e4 27. Bxe4 f5 28.
d6 Qxd6 29. Rd1 Rxe4 30. Rxd6 Rxe2 31. Rxd7 Bc5 32. b3 Nb6 1/2-1/2

[Event "Gibraltar Masters"]
[Site "Caleta ENG"]
[Date "2011.01.31"]
[Round "7.29"]
[White "Berg, Emanuel"]
[Black "Peek, Marcel"]
[Result "1/2-1/2"]
[WhiteTitle "GM"]
[BlackTitle "IM"]
[WhiteElo "2627"]
[BlackElo "2342"]
[WhiteFideId "1704060"]
[BlackFideId "1000462"]
[EventDate "2011.01.25"]
[EventType "swiss"]

1. e4 c5 2. Nf3 d6 3. d4 cxd4 4. Nxd4 Nf6 5. Nc3 Nc6 6. Bg5 e6 7. Qd2 Nxd4 8.
Qxd4 Bd7 9. O-O-O Qa5 10. f4 Be7 11. Bc4 Bc6 12. e5 dxe5 13. fxe5 Nd5 14. Bd2
Nxc3 15. Bxc3 Qc7 16. Qg4 O-O 17. Rhf1 Rad8 18. Rxd8 Qxd8 19. g3 b5 20. Bd3 a5
21. h4 Qd5 22. a3 g6 23. Qf4 b4 24. axb4 axb4 25. Bxb4 Bxb4 26. Qxb4 Qxe5 27.
Qf4 Qc5 28. Qf2 Qa5 29. Qf6 Qa1+ 30. Kd2 Qa5+ 31. Kc1 Qa1+ 32. Kd2 Qa5+ 33. Qc3
Qd5 34. Kc1 Bb5 35. Bxb5 Qxb5 36. Qf6 h5 37. b3 Qc5 38. Kb2 e5 39. Rd1 Rc8 40.
c4 Qe3 41. Rd8+ Rxd8 42. Qxd8+ Kg7 43. Qd5 e4 44. c5 Qf2+ 45. Ka3 e3 46. Qd4+
Kh7 47. c6 Qd2 48. Qc4 e2 49. Qxf7+ Kh6 50. Qf8+ Kh7 51. Qf7+ Kh6 52. Qf8+ Kh7
53. Qe7+ Kh6 54. Qe5 Qc1+ 55. Ka4 Qxc6+ 56. Kb4 Qb7+ 57. Kc3 Qf3+ 58. Kd2 Kh7
59. Qc7+ Kg8 60. Qd8+ Kh7 61. Qd7+ Kh6 62. Qd4 Kh7 63. Qc4 Qxg3 64. Kxe2 Qg2+
65. Kd3 Qg3+ 66. Kc2 Qf2+ 67. Kd1 Qf3+ 68. Kd2 Qf2+ 69. Kc3 Qe1+ 70. Kd3 Qg3+
71. Kc2 Qf2+ 72. Kb1 Qe1+ 73. Ka2 Qd2+ 74. Ka3 Qa5+ 75. Qa4 Qc5+ 76. Kb2 Qf2+
77. Kc3 Qg3+ 78. Kc2 Qf2+ 79. Kb1 Qe1+ 80. Kb2 Qf2+ 1/2-1/2

[Event "Gibraltar Masters"]
[Site "Caleta ENG"]
[Date "2011.01.31"]
[Round "7.30"]
[White "Jones, Richard S."]
[Black "Lemos, Damian"]
[Result "0-1"]
[WhiteTitle "FM"]
[BlackTitle "GM"]
[WhiteElo "2361"]
[BlackElo "2553"]
[WhiteFideId "1800833"]
[BlackFideId "113581"]
[EventDate "2011.01.25"]
[EventType "swiss"]

1. e4 e6 2. d4 d5 3. Nc3 Nf6 4. e5 Nfd7 5. f4 c5 6. Nf3 Nc6 7. Be3 a6 8. Qd2 Be7
9. Be2 O-O 10. O-O b5 11. a3 Qc7 12. Nd1 Bb7 13. c3 Na5 14. Qe1 Nc4 15. Bc1 Qb6
16. Bd3 f5 17. Kh1 b4 18. axb4 cxb4 19. Rg1 Rf7 20. g4 Nf8 21. Qg3 g6 22. h4 Bc8
23. Ne3 Nxe3 24. Bxe3 a5 25. cxb4 Qxb4 26. Bd2 Qb3 27. Bc3 a4 28. Rac1 Ba6 29.
Bc2 Qb5 30. h5 a3 31. bxa3 Rc8 32. a4 Qe2 33. Bb3 fxg4 34. Nd2 gxh5 35. Bc2 Ng6
36. Rce1 Nxf4 37. Rgf1 Rxc3 0-1

[Event "Gibraltar Masters"]
[Site "Caleta ENG"]
[Date "2011.01.31"]
[Round "7.31"]
[White "Lafuente, Pablo"]
[Black "Getz, Nicolai"]
[Result "1-0"]
[WhiteTitle "GM"]
[BlackTitle "FM"]
[WhiteElo "2561"]
[BlackElo "2334"]
[WhiteFideId "108820"]
[BlackFideId "1505572"]
[EventDate "2011.01.25"]
[EventType "swiss"]

1. Nf3 d5 2. d4 Nf6 3. c4 e6 4. g3 Bb4+ 5. Bd2 Be7 6. Bg2 O-O 7. O-O c6 8. Bf4
Nbd7 9. Nc3 dxc4 10. e4 b5 11. d5 cxd5 12. exd5 Nxd5 13. Nxd5 exd5 14. Qxd5 Ba6
15. Nd4 Nb6 16. Qxd8 Raxd8 17. Nc6 Rd7 18. Nxe7+ Rxe7 19. Bd6 Re2 20. Bxf8 Kxf8
21. b3 g6 22. Rfc1 Rb2 23. Bf1 h5 24. h4 Kg7 25. Rcb1 Rxb1 26. Rxb1 Kf6 27. a4
bxa4 28. bxc4 Bxc4 29. Bxc4 Nxc4 30. Rb4 Nb6 31. Rb5 Ke6 32. Ra5 f5 33. Kg2 Nd5
34. Rxa4 Ke5 35. Kf3 Nf6 36. Rxa7 Ne4 37. Re7+ Kf6 38. Rxe4 fxe4+ 39. Kxe4 Ke6
40. Kf4 Kf6 41. f3 1-0